[Event "FRA-chT Gp-B"]
[Site "France"]
[Date "2003.04.04"]
[Round "5.4"]
[White "Godena, Michele"]
[Black "Galdunts, Sergey"]
[Result "1/2-1/2"]
[WhiteElo "2524"]
[BlackElo "2487"]
[Annotator "Roiz,M"]
[PlyCount "54"]
[EventDate "2003.01.31"]
[EventType "team"]
[EventRounds "7"]
[EventCountry "FRA"]
[SourceTitle "CBM 095"]
[Source "ChessBase"]
[SourceDate "2003.07.25"]
[SourceVersion "1"]
[SourceVersionDate "2003.07.25"]
[SourceQuality "1"]
[WhiteTeam "Cannes"]
[BlackTeam "Bischwiller"]
[WhiteTeamCountry "FRA"]
[BlackTeamCountry "FRA"]

1. e4 d6 2. d4 Nf6 3. Nc3 g6 4. g3 Bg7 5. Bg2 O-O 6. Nge2 e5 7. O-O Nc6 8. dxe5
Nxe5 9. h3 {[%cal Yh3g4,Gf2f4] This move is always useful in this type of
positions.} (9. b3 Bg4 10. f3 Bd7 11. Be3 Re8 12. Qd2 b5 13. Nf4 b4 14. Ncd5
Bb5 15. Nxf6+ Bxf6 16. Rfd1 a5 17. Nd5 Bg7 18. Bg5 f6 19. Be3 Kh8 20. Rac1 c6
21. Nf4 Nf7 22. c4 bxc3 23. Rxc3 a4 $132 {0-1 Sturua,Z-Volokitin,A/EU-ch 2nd
Ohrid 2001}) 9... Re8 10. Nf4 $6 {In my opinion, this move is a serious loss
of time. White's plan is to play f2-f4 and to gain a space on the king side.} (
10. Rb1 Bd7 11. f4 Nc4 (11... Nc6 12. g4 h6 13. a3 b5 14. b4 (14. Ng3 $14)
14... a5 15. Qd3 axb4 16. axb4 Rb8 17. Bd2 h5 18. g5 Nh7 19. Nd5 Ne7 20. Bc3
$14 {1/2-1/2 Kasparov,S-Kovalev,A/BLR-ch Minsk 2000}) 12. b3 Nb6 13. Qd3 Bc6
14. Nd4 Bd7 15. Bb2 a5 16. Rfe1 c5 17. Nde2 Bc6 18. g4 Qc7 19. Ng3 Rad8 20. g5
$36 {1-0 Kasparov,S-Trygstad,K/Gausdal Classics IM-A 2002}) (10. f4 Nc4 11. Qd3
Nb6 12. g4 h6 13. Be3 Qe7 14. Bf2 Be6 15. Rfe1 Rad8 16. Nd4 Bc4 17. Qf3 Nfd7
18. a4 (18. Rad1 Nc5 19. b3 $14) 18... c5 19. Ndb5 a6 20. Na3 Be6 21. a5 Nc8
22. e5 $6 (22. Rad1 $14) 22... b5 23. axb6 Ncxb6 24. exd6 Qxd6 $13 {0-1
Baumhus,R-Fridman,D/NRW-Jiga l 9899 1998}) 10... c6 $146 {[%cal Gb7b5]} (10...
a6 11. a4 b6 12. Nfd5 Nxd5 13. Nxd5 Bb7 14. Re1 Nd7 15. h4 h6 16. Ra3 Nc5 17.
b4 Nd7 18. f4 (18. a5 $142) 18... a5 $15 {0-1 Nilssen,J-Djurhuus,R/Nordic-ch
VISA 1997}) 11. a4 Qc7 12. Re1 Nfd7 ({possible was also} 12... a5 13. Nfe2 $140
$2 Bxh3 $1 14. Bxh3 Nf3+ 15. Kh1 Nxe1 16. Qxe1 Nxe4 $17) 13. Nfe2 a5 14. Rb1
Nc5 $11 {[%csl Gc5] Black has a comfortable position.} 15. Kh1 {White should
play more energetically - otherwise black may seize the initiative.} (15. f4
Ned7 16. b3 Nf6 17. Nd4 h5 $132) 15... f5 $1 16. exf5 (16. f4 Nf7 17. exf5 Bxf5
$15 {[%csl Rc1] White has problems with development of Bc1.}) 16... Bxf5 17.
Be3 (17. b3 d5 18. Be3 Ne6 19. f4 (19. g4 $2 Bxg4) 19... Nf7 $13) 17... Nc4 18.
Bd4 Rad8 19. g4 {White pieces are not coordinated well, so white tries to put
his knight on g3 and to push f2-f4 later.} Bc8 20. b3 ({After} 20. Bxg7 Qxg7
21. b3 Ne5 22. f4 Nf7 {black has nothing to worry about.}) 20... Ne5 21. f4 Ne6
$1 {Black shouldn't change his strong dark-squared bishop.} 22. Bg1 Nf7 23. Bh2
{White has to play accurately: black may get control on the central squares.} (
23. Qd2 d5 24. Bh2 Qb6 (24... Nd6 $5) 25. Rbd1 Nd6 $15 {[%csl Re4]}) 23... Qb6
24. Ne4 {Black is going to play ...d6-d5.After that Nc3 will be completely out
of play,so white has to regroup his pieces.} d5 ({possible was also} 24... Nc5
$5 25. Bg1 Qc7 26. Nxc5 dxc5 27. Qc1 b6 {and black is not worse-white pieces
are passive.}) 25. N4g3 {[%cal Gf4f5]} Nd6 26. Rf1 Rf8 27. f5 Ng5 {[%mdl 2052]}
(27... Ng5 28. Bg1 Qc7 29. fxg6 hxg6 30. Qd3 Kh7 (30... Nde4 31. Nxe4 dxe4 32.
Qe3 Nf3 33. Qxe4 $1 Nd2 34. Qxg6 Nxb1 35. Rxb1 $14) 31. Rbe1 Rde8 $11) 1/2-1/2

[Event "Leon"]
[Site "Leon"]
[Date "1995.??.??"]
[Round "1"]
[White "De la Villa Garcia, Jesus Maria"]
[Black "Shirov, Alexei"]
[Result "1/2-1/2"]
[WhiteElo "2490"]
[BlackElo "2710"]
[Annotator "Romero Holmes"]
[PlyCount "65"]
[EventDate "1995.05.??"]
[EventType "tourn"]
[EventRounds "9"]
[EventCountry "ESP"]
[EventCategory "14"]
[SourceTitle "CBM 048"]
[Source "ChessBase"]
[SourceDate "1995.10.01"]
[SourceVersion "1"]
[SourceVersionDate "1995.10.01"]
[SourceQuality "1"]

1. e4 g6 2. d4 Bg7 3. Nf3 d6 4. Bd3 Nf6 5. O-O O-O 6. Bg5 Nbd7 7. Nbd2 e5 8. c3
h6 9. Bh4 b6 10. Re1 Bb7 11. a4 a5 $6 (11... a6) 12. Qc2 Qe8 $6 (12... Qc8) 13.
Bb5 Nh5 14. Rad1 f6 15. Nc4 Rf7 16. Nfd2 (16. b4 $1) 16... Nf4 17. Ne3 Kh7 18.
f3 h5 19. Bc4 Rf8 20. Nd5 Ne6 21. Bf2 c6 22. dxe5 $1 $16 Nxe5 23. Nxb6 Rd8 24.
b4 (24. Nb3 $18 {Shirov}) 24... axb4 25. cxb4 d5 26. exd5 cxd5 27. Bb5 Qe7 28.
Bc5 Qc7 29. Rc1 Rf7 30. Bf2 Qd6 31. Bc5 Qc7 32. Bf2 Qd6 33. Bc5 {(+)} 1/2-1/2

[Event "SCO-ch"]
[Site "Edinburgh"]
[Date "1999.07.19"]
[Round "4"]
[White "Motwani, Paul"]
[Black "Summerscale, Aaron"]
[Result "1/2-1/2"]
[WhiteElo "2465"]
[BlackElo "2420"]
[Annotator "Rowson,J"]
[PlyCount "53"]
[EventDate "1999.07.16"]
[EventType "swiss"]
[EventRounds "9"]
[EventCountry "SCO"]
[SourceTitle "CBM 071 Extra"]
[Source "ChessBase"]
[SourceDate "1999.09.14"]
[SourceVersion "1"]
[SourceVersionDate "1999.09.14"]
[SourceQuality "1"]

1. e4 d6 2. d4 Nf6 3. Nc3 c6 4. f4 Qa5 5. e5 Ne4 6. Qf3 d5 7. Bd3 Na6 8. Nge2
Nb4 9. O-O Nxd3 10. cxd3 Nxc3 11. bxc3 g6 12. a4 $5 (12. g4 $6 h5 13. h3 hxg4
14. hxg4 Bd7 15. f5 gxf5 16. gxf5 O-O-O $132) 12... h5 13. h3 h4 14. Ba3 Bf5
15. Rfb1 Qc7 16. Qe3 {Paul later commented that he should now play} (16. a5 $1
e6 17. Bc5 $1 {When the two weaknesses on b7 and h4 give white a clear
advantage.}) 16... e6 17. a5 Bxa3 18. Rxa3 O-O 19. Kh2 b6 20. Rba1 Rab8 21.
axb6 axb6 22. Ng1 Kg7 23. Nf3 Rh8 {White could perhaps consider the plan of
putting the rooks on a3(ready to go to a7) a2(to guard against potential
counterplay on the second rank when the position opens). Nd2-b3 intending
c4-c5. If Black does nothing White gets the excellent c5 square for the knight
and can probably infiltrate with the rooks because the queen is relieved of
the defence of d3. If Black plays B5 White can try to re-route the knight to
b4 via a1(Pushing the b-pawn will just weaken it) and then attack c6. with the
rooks and knight. Again it is crucial that the queen is relieved of defending
d3-so that it can attack h4 or join in on the queenside. It is unlikley Black
will do nothing, but since White has a positional advantage it is also
unlikely that Black can engineer any threats with ...c5 or ...g5 when White is
not ready to meet them. After looking at the position for about half an hour
Paul agreed with me that this is a safe way of playing for a win and that
White retains a big advanatge. The key thing to realise is that White has to
create a second weakness to overstretch Black's defences. Strangely enough it
was this idea here which lead Paul to conceive of the earlier improvement 16.
a5!} 24. Ra7 (24. Nd2 {It would seem that the knight is optimally placed, but
perhaps it is the only piece which can be improved!} c5 $5 25. Ra7 Rb7 26. Rxb7
Qxb7 27. dxc5 bxc5 28. Qxc5 Qb2 $132) (24. c4 Qe7 25. Nd2 c5 (25... Rh5 26. Nb3
g5 27. Nd2 $5 g4 28. hxg4 Bxg4 29. R1a2) 26. cxd5 exd5 27. Nf3) (24. R1a2 $5 c5
25. Ra7 Rb7 26. Rxb7 Qxb7 27. dxc5 bxc5 28. Qxc5 Bxd3 29. Ra7 Qc8 30. Rxf7+
Kxf7 31. Ng5+ Kg7 32. Qe7+ Kh6 33. Nf7+ $16) 24... Rb7 25. Ra8 Rbb8 26. R8a7
Rb7 27. Ra8 1/2-1/2

[Event "Moscow Aeroflot op-A 15th"]
[Site "Moscow"]
[Date "2016.03.03"]
[Round "3"]
[White "Najer, Evgeniy"]
[Black "Petrosian, Tigran L"]
[Result "1-0"]
[WhiteElo "2664"]
[BlackElo "2607"]
[Annotator "Schulz,Andre"]
[PlyCount "65"]
[EventDate "2016.03.01"]
[EventType "swiss"]
[EventRounds "9"]
[EventCountry "RUS"]
[SourceTitle "CBM 171"]
[Source "ChessBase"]
[SourceDate "2016.03.14"]
[SourceVersion "2"]
[SourceVersionDate "2016.03.14"]
[SourceQuality "1"]

1. e4 d6 2. d4 Nf6 3. Nc3 g6 4. Be3 Bg7 ({Moderner ist die Reaktion} 4... a6 5.
Qd2 b5 {usw.}) (4... Ng4 {bringt Schwarz nichts ein:} 5. Bg5 h6 6. Bh4 Bg7 7.
Qd2 c6 8. h3 Nf6 9. f4 {ebenfalls mit großem Erfolg für Weiß in der Praxis.}
) 5. Qd2 O-O 6. O-O-O {Nun entsteht das typische Wettrennen mit Angriffen auf
die Könige.} c6 7. f3 b5 8. g4 b4 (8... Qa5 9. Kb1 b4 10. Nce2 {ist
Zugumstellung.}) 9. Nce2 Qa5 10. Kb1 c5 ({Die Alternative ist} 10... Be6 11.
Nc1) 11. Bh6 (11. h4 h5 $5) 11... Nc6 12. Bxg7 Kxg7 13. g5 {[#]} (13. d5 $5 Ne5
14. Ng3 Z0 {mit der Idee} 15. g5) 13... Nd7 ({Der Maschinenvorschlag lautet} 
13... Nh5 $5 {und nach} 14. d5 b3 $5 {mit Damentausch und Kompensation für
den Bauern.} 15. axb3 Qxd2 16. Rxd2 Ne5) 14. d5 Nce5 15. Nc1 Nb6 (15... Ba6 $5)
16. h4 Ba6 17. f4 Nec4 18. Bxc4 Nxc4 19. Qf2 {Um auch den Vorstoß f4-f5 zu
unterstützen.} (19. Qh2 $5 Rh8 20. h5 $16) 19... Rab8 20. Nb3 Qa4 ({Schwarz
musste sich stattdessen um seinen eigenen König kümmern.} 20... Qd8 21. h5
Rh8) 21. h5 {[#]} Nxb2 {Das funktioniert nicht.} 22. Kxb2 c4 23. Nf3 Qa3+ 24.
Ka1 (24. Kb1 $2 c3 {und Matt auf b2 wäre natürlich hübsch gewesen.}) 24...
cxb3 25. cxb3 Rbc8 26. Nd4 ({Aber nicht etwa das hasenfüßige} 26. Qb2+ $2
Qxb2+ 27. Kxb2 {wegen} Be2) 26... Rc3 27. hxg6 fxg6 28. f5 ({Oder auch} 28. Qh4
Rh8 29. Ne6+ Kg8 30. Qh6 {gefolgt von Matt.}) 28... Rfc8 {Droht immerhin Matt.
Doch das lässt sich leicht abwehren.} 29. Rb1 Rc1 30. f6+ exf6 31. Qxf6+ Kg8
32. Ne6 Rxb1+ 33. Rxb1 1-0

[Event "Bagneux Librairie Saint Germain"]
[Site "Bagneux"]
[Date "1978.07.02"]
[Round "2"]
[White "Seret, Jean Luc"]
[Black "Vadasz, Laszlo"]
[Result "0-1"]
[WhiteElo "2350"]
[BlackElo "2505"]
[Annotator "Seret,JL/Primel,D"]
[PlyCount "61"]
[EventDate "1978.07.01"]
[EventType "tourn"]
[EventRounds "13"]
[EventCountry "FRA"]
[EventCategory "5"]
[SourceTitle "EXT 2020"]
[Source "ChessBase"]
[SourceDate "2019.10.17"]
[SourceVersion "1"]
[SourceVersionDate "2019.10.17"]
[SourceQuality "1"]

1. e4 d6 2. d4 Nf6 3. Nc3 g6 4. g3 {Une ligne secondaire} Bg7 5. Bg2 O-O 6.
Nge2 (6. Nf3 $143 $6 c5 $132 7. O-O cxd4 8. Nxd4 a6) 6... Nbd7 7. O-O c5 (7...
e5) 8. h3 (8. d5) 8... Rb8 (8... a6) 9. Be3 (9. a4 b6 10. Be3 cxd4 11. Bxd4 Bb7
12. Nd5 e5 13. Be3 Nxd5 14. exd5 Ba6 15. Re1 Bxe2 16. Rxe2 f5 17. f4 exf4 18.
Bxf4 Ne5 19. c3 g5 20. Bxe5 Bxe5 21. Qd3 {1/2-1/2 (21) Kagan,S (2440)-Adorjan,
A (2530) Hastings 1977}) 9... b6 10. Qd2 (10. g4) (10. a4 a6 11. Re1 cxd4 12.
Nxd4 Bb7 13. Qd2 Nc5 $132 {[%cal Gc5e4,Gf6e4]}) 10... cxd4 $146 {Transpose sur
une structure sicilienne} (10... Bb7 11. Bh6 a6 12. Bxg7 Kxg7 13. f4 cxd4 14.
Nxd4 b5 15. a3 e5 16. Nb3 Qb6+ 17. Rf2 a5 18. f5 b4 19. axb4 axb4 20. Nd5 Bxd5
21. exd5 Ra8 22. Re1 {1/2-1/2 (22) Schmid,L-Pfeiffer,G Nuremberg 1959}) 11.
Nxd4 {[%csl Gc6]} Bb7 12. Bh6 a6 13. Bxg7 Kxg7 14. Rad1 b5 (14... Rc8) 15. a3
h6 (15... Nb6 $5 {[%csl Rb2][%cal Gb6c4]}) 16. f4 Qb6 {[%cal Ge7e5]} 17. Kh2 b4
18. axb4 Qxb4 19. Rfe1 Nb6 20. e5 dxe5 21. fxe5 Nfd5 $132 22. Nxd5 Qxd2 23.
Rxd2 Bxd5 24. Bxd5 Nxd5 25. c3 Rfc8 26. e6 f5 {[%cal Gg7f6]} 27. Ra1 Rb6 28.
Nxf5+ gxf5 29. Rxd5 Rxb2+ 30. Kh1 Kg6 31. Rd3 {0-1 after 35th Black's move} 0-1

[Event "Canadian op"]
[Site "Edmonton"]
[Date "2009.07.18"]
[Round "8"]
[White "Ni, Hua"]
[Black "Hommeles, Theo"]
[Result "0-1"]
[WhiteElo "2701"]
[BlackElo "2412"]
[Annotator "Shabalov,A"]
[PlyCount "110"]
[EventDate "2009.07.11"]
[EventType "swiss"]
[EventRounds "9"]
[EventCountry "CAN"]
[SourceTitle "CBM 132 Extra"]
[Source "ChessBase"]
[SourceDate "2009.11.03"]
[SourceVersion "1"]
[SourceVersionDate "2009.11.03"]
[SourceQuality "1"]

1. e4 d6 2. d4 Nf6 3. Nc3 e5 4. Nge2 Nc6 5. f3 exd4 $5 {The game transposes
into the Philidor Defence.} 6. Nxd4 Be7 7. Bb5 Bd7 8. Nde2 O-O 9. Nf4 Ne5 10.
Bxd7 Qxd7 11. O-O c6 12. Kh1 Rfe8 13. b3 Rad8 14. Qd4 b6 15. Bb2 Qc7 16. Nce2
$6 {White had to tighten his grip on the center before attempting this regroup.
} (16. Rad1) 16... Bf8 17. c4 $2 {Allows a very effective breakthrough.} d5 $3
18. cxd5 cxd5 19. exd5 {#} g5 $1 20. Rac1 $2 {Loses material by force.} (20.
Nh3 Rxd5 21. Qc3 Rc5 22. Qd2 g4 23. Nhf4 Rc2 24. Bxe5 Rxe5 25. Qd3 {was still
very playable.}) 20... Bc5 21. Qd1 gxf4 22. b4 Rxd5 23. Qb3 Rd2 24. Nxf4 $2 (
24. Ng1 {would keep the material even, even though black dominates positionally
} Nd5 25. bxc5 Ne3) 24... Ned7 {A nice move Black had to have foreseen. But,
in fact, any other knight retreat would win.} (24... Ng6 25. Nxg6 hxg6 26. Bxf6
Rxg2) ({or} 24... Nc6 25. Bc3 Rf2) 25. Bc3 Qxf4 {Black plays it safe.} (25...
Rf2 {would keep an extra piece.}) 26. Bxd2 Qxd2 27. bxc5 Nxc5 28. Qc3 {Forced
exchange because of the Nd3 threat. Black takes his time to win this endgame,
but in the end, despite Hua's heroic defence, things come to their logical
conclusion.} Qxc3 29. Rxc3 Re2 30. Ra3 a5 31. Kg1 Nd5 32. Rf2 Re5 33. Rd2 Kf8
34. Kf2 Ke7 35. h4 a4 36. Rd4 Kd6 37. Rc3 Kc6 38. Rc2 Kb5 39. f4 Nxf4 $1 {
Good technique. With this exchange, Theo eliminates any possibility of a
tactical blunder. It seems like, in the end, White was lacking just one tempo
to survive, but, in fact, it was never close because of the weak a2 pawn.} 40.
Rxf4 Nd3+ 41. Kg3 Nxf4 42. Kxf4 Rc5 43. Rb2+ Ka5 44. Ke3 Rc3+ 45. Kd4 Rg3 46.
Rf2 h5 47. Rxf7 Rxg2 48. a3 Rg3 49. Rf5+ b5 50. Rxh5 Rxa3 51. Rh8 Kb4 52. h5
Rh3 53. h6 a3 54. h7 a2 55. Ra8 Ra3 0-1

[Event "Foxwoods op 04th"]
[Site "Connecticut"]
[Date "2002.03.29"]
[Round "3"]
[White "Shabalov, Alexander"]
[Black "Vovsha, Eli"]
[Result "1-0"]
[WhiteElo "2606"]
[BlackElo "2411"]
[Annotator "Shabalov,A"]
[PlyCount "75"]
[EventDate "2002.03.28"]
[EventType "swiss"]
[EventRounds "7"]
[EventCountry "USA"]
[SourceTitle "CBM 087 Extra"]
[Source "ChessBase"]
[SourceDate "2002.05.03"]
[SourceVersion "2"]
[SourceVersionDate "2002.08.09"]
[SourceQuality "1"]

1. d4 d6 2. e4 Nf6 3. Nc3 g6 4. Bg5 Bg7 5. Qd2 h6 6. Bh4 g5 7. Bg3 Nh5 8. Nge2
Nc6 ({Much sharper is} 8... Nd7 9. O-O-O a6 (9... c5 10. f3 Nxg3 11. hxg3 a6
12. f4 Qa5 13. Kb1 g4 14. Nd5 Qd8 15. Ne3 Nf6 16. Nc3 cxd4 17. Qxd4 Nh5 18. e5
Nxg3 19. Rg1 Be6 20. Ne4 dxe5 21. Qxd8+ Rxd8 22. Rxd8+ Kxd8 23. Nxg3 exf4 24.
Nh5 Bd4 25. Nxf4 Bxe3 26. Nxe6+ fxe6 27. Rh1 Rf8 28. Bd3 Rf2 29. Be4 Kc7 30. c3
Re2 31. Rh5 Bg5 32. Bd3 Rxg2 33. Rh1 g3 {0-1 Tiviakov,S-Gurevich,D/Las Vegas
1999/(33).}) 10. h4 g4 11. f3 f5 12. e5 Nb6 13. exd6 cxd6 14. Bf2 Be6 15. d5
Nc4 16. Qe1 Bd7 17. Nd4 Ne5 18. Ne6 Bxe6 19. dxe6 Qa5 20. Nd5 Qxa2 21. Qb4 O-O
22. Nxe7+ Kh8 23. Rxd6 Rad8 24. Bd4 Kh7 25. Rxd8 Rxd8 26. Nxf5 Nc6 27. e7 Rxd4
28. Nxd4 Nxb4 29. e8=Q Ng3 30. Qd7 Nxh1 31. Qf5+ Kh8 32. Qc8+ Qg8 33. Qxg4 Be5
34. Qe4 Qd5 35. Qxd5 Nxd5 36. Nf5 Ng3 37. Bc4 Nxf5 38. Bxd5 b6 39. h5 Ng3 40.
Bf7 Kg7 41. Be8 Kf6 42. c3 Kg5 43. Kd2 Nxh5 44. Ke3 Bf4+ 45. Kd4 Nf6 46. Bc6 a5
47. b3 Kh4 48. g4 Kg3 49. Kd3 Nh7 50. Ke2 Ng5 51. Bd5 Be5 52. c4 Kf4 53. Kf2
Bd4+ 54. Ke2 Bc5 {0-1 Tiviakov,S-Smirin,I/Wijk aan Zee 1994/(54)}) 9. O-O-O Bd7
10. Qe3 e6 11. h4 Qf6 $5 $146 {Novelty that looks like an attempt to improve
on the game below. It's hard to tell, however, what exactly did black mean on
12.Bh2.} (11... Qe7 12. Bh2 gxh4 13. Bg1 O-O-O 14. g4 Nf6 15. f3 Nh7 16. Bf2 e5
17. d5 Nd4 18. Nxd4 exd4 19. Rxd4 Bxd4 20. Qxd4 b6 21. Nb5 Kb7 22. Qc3 Rc8 23.
Nd4 Qf6 24. Qd3 Ka8 25. Bxh4 Qf4+ 26. Kb1 Nf8 27. Qc3 Ng6 28. Ba6 Nxh4 29. Bxc8
Rxc8 30. Rxh4 Kb7 31. a3 Rg8 32. Ne2 Qg5 33. Rh5 Qe7 34. Rxh6 f5 35. gxf5 Bxf5
36. Nd4 Bd7 37. Ne6 Bc8 38. f4 Rg4 39. Qc6+ Kb8 40. Rh8 {1-0 Leko,P-Topalov,V/
Frankfurt 1999/(40)}) 12. e5 {White is going after immediate punishment.} dxe5
13. dxe5 Qe7 $6 {This move is seemed to be very passive.} (13... Nxe5 14. Ne4
Qf5 (14... Nd3+ 15. Rxd3 Qxb2+ 16. Kd1 $16) {created a lot of chaos.Still
white is slightly better after} 15. hxg5 hxg5 16. Nd4 Qg6 17. Nb5 $14) 14. Bh2
Qb4 15. g4 $1 {This is a refutation of black strategy as he is losing material
without any chance to generate some counterplay.} Qxg4 16. Nb5 O-O-O 17. Ned4
Nxd4 18. Rxd4 Nf4 19. Nxa7+ Kb8 20. Bxf4 gxf4 (20... c5 {looks like surprising
intermediate shot, but in fact it doesn't change much as after} 21. Rc4 gxf4
22. Rxf4 Qh5 23. Re4 {black is unable to take on a7} Kxa7 24. Qxc5+ Ka8 25.
Qa3+ Kb8 26. Qd6+ Ka7 27. Rh3 {neither create any mating threats on d1 square
because of 24.Be2}) 21. Rxf4 Qh5 22. Re4 f5 $6 {This makes bishop g7 dead
forever,but it was very tough to suggest better moves for black.} 23. Rf4 Qe8
24. Bg2 Bf8 25. Rd1 Rg8 26. Bf3 Bc8 27. Re1 c5 28. Nxc8 {The rest is quite
simple.} Rxc8 29. Qb3 Rg7 30. Ra4 c4 31. Rxc4 Rxc4 32. Qxc4 Rc7 33. Qb3 Bc5 34.
Rd1 Qg8 35. a4 Bxf2 36. a5 Ka7 37. Kb1 Qg3 38. a6 1-0

[Event "Olympiad-30"]
[Site "Manila"]
[Date "1992.06.09"]
[Round "2.1"]
[White "Shirov, Alexei"]
[Black "Rivas Pastor, Manuel"]
[Result "1-0"]
[WhiteElo "2655"]
[BlackElo "2520"]
[Annotator "Shirov,A"]
[PlyCount "47"]
[EventDate "1992.06.08"]
[EventType "team-swiss"]
[EventRounds "14"]
[EventCountry "PHI"]
[SourceTitle "CBM 030"]
[Source "ChessBase"]
[SourceDate "1992.10.01"]
[SourceVersion "1"]
[SourceVersionDate "1992.10.01"]
[SourceQuality "1"]
[WhiteTeam "Latvia"]
[BlackTeam "Spain"]
[WhiteTeamCountry "LAT"]
[BlackTeamCountry "ESP"]

1. d4 d6 2. e4 Nf6 3. Nc3 c6 4. f4 Qa5 5. Bd3 e5 6. Nf3 $5 (6. dxe5 dxe5 7. f5
b5 8. Nf3 $14) 6... Bg4 7. Be3 exf4 (7... exd4 8. Bxd4 Qb4 9. Bxf6 gxf6 10. Qd2
$14) 8. Bxf4 Qb6 9. Ne2 $1 (9. Qd2 Bxf3 10. gxf3 Qxd4 11. O-O-O Kd7 $13) 9...
Bxf3 (9... Nbd7 10. O-O $14) 10. gxf3 Qxb2 11. Rb1 Qxa2 12. Rxb7 Qa5+ 13. Bd2
Qd8 14. Qa1 $1 {/\ 15.Ba5; 15.Rxa7} a5 15. d5 $1 Qc8 (15... cxd5 16. Bb5+ Nfd7
(16... Nbd7 17. e5 Qc8 (17... dxe5 18. Qxe5+ Be7 19. Rg1 $18) 18. exf6 $18))
16. Qb2 a4 (16... Be7 17. Nd4 $18) (16... cxd5 17. exd5 $18) 17. Nd4 a3 18. Qb3
a2 19. Kf2 $18 g6 (19... c5 20. Nb5 Na6 21. Na7 $18) (19... cxd5 20. exd5 $18)
20. dxc6 Be7 21. Ra1 O-O 22. Rxe7 Nxc6 23. Nxc6 Qxc6 24. Qc3 1-0

[Event "Olympiad-33"]
[Site "Elista"]
[Date "1998.10.05"]
[Round "7.1"]
[White "Almasi, Zoltan"]
[Black "Efimov, Igor"]
[Result "1-0"]
[WhiteElo "2650"]
[BlackElo "2530"]
[Annotator "Smirin,I"]
[PlyCount "53"]
[EventDate "1998.09.29"]
[EventType "team-swiss"]
[EventRounds "13"]
[EventCountry "RUS"]
[SourceTitle "CBM 068"]
[Source "ChessBase"]
[SourceDate "1999.02.01"]
[SourceVersion "1"]
[SourceVersionDate "1999.02.01"]
[SourceQuality "1"]
[WhiteTeam "Hungary"]
[BlackTeam "Italy"]
[WhiteTeamCountry "HUN"]
[BlackTeamCountry "ITA"]

1. e4 d6 2. d4 Nf6 3. Nc3 g6 4. Bg5 h6 5. Bh4 c6 (5... Nh5 6. Qf3 Bg7 7. Bc4
O-O 8. Nge2 c5 9. dxc5 Nc6 $5 {[%cal Gc6e5,Re5c4,Re5f3]} 10. Qe3 Ne5 11. Bb3 g5
12. f4 (12. Bg3 Ng4 13. Qd2 dxc5 $11) 12... Nxf4 13. Nxf4 gxf4 14. Qxf4 Ng6 15.
Qg3 Nxh4 16. Qxh4 dxc5 17. Rd1 Qa5 18. Rd3 $13 {Sermek,D-Djuric,S/Nova Gorica
op 1997 1/2 (25)}) (5... Bg7 6. f4 (6. e5 $5 dxe5 7. dxe5 Ng4 (7... Qxd1+ $2 8.
Rxd1 Ng4 9. Nd5 Bxe5 10. Bg3 $1 $18 {[%csl Rc7]}) (7... Nfd7 8. e6 $5 (8. f4 g5
$15) 8... fxe6 9. Bc4 Ne5 10. Qxd8+ Kxd8 11. O-O-O+ Ke8 12. Bb3 $16 {[%csl Re6,
Re7]}) 8. Qxd8+ Kxd8 9. O-O-O+ Bd7 10. e6 fxe6 11. Ne4 Ke8 12. Nc5 Bc8 13. Bc4
$16 {Karpatchev,A-Makarjev,I/Moscow-ch 1992/1/2-1/2 (54)}) 6... O-O (6... c6 7.
Qd2 O-O 8. Nf3 b5 9. Bd3 a6 10. e5 dxe5 11. dxe5 b4 12. Ne4 $14 {[%csl Ra6,Rb4,
Rc6] Mahdi,K-Steiner,U/AUT-chT 1992 1:0 (23)}) 7. e5 Nh7 8. Nf3 a6 9. Be2 b5
10. Qd2 $14 {Roca,P-Djuric,S/Greenhills op 1997/1-0 (63)}) 6. Qd2 b5 7. Bd3 a6
8. f4 Bg7 9. e5 Nd5 (9... b4 $6 10. exf6 bxc3 11. Qxc3 exf6 12. f5 $16 {
[%csl Rg7]}) 10. Nxd5 cxd5 11. Ne2 $14 Nc6 12. c3 g5 $2 ({Better was} 12... Na5
13. b3 Qd7 {[%cal Ge7e6] and black is still O.K}) 13. Bg3 gxf4 14. Nxf4 dxe5
15. Nh5 $1 $16 Bf8 16. dxe5 Bg4 17. Be2 Rg8 18. O-O {[%csl Re8,Rf7] Afer this
natural move blacks position looks unprotectible.} Qd7 $6 ({Nothing changes} 
18... d4 {[%cal Gd8d5]} 19. Bxg4 Rxg4 20. Qe2 $18 {[%cal Ge2f3]}) 19. Bxg4 Rxg4
{[%tqu "En","","","","e5e6","",10]} 20. e6 $3 $18 fxe6 (20... Qxe6 21. Rae1 {
[%cal Rh5f6]} Re4 $8 22. Nf4 Rxe1 $8 (22... Qd7 23. Nxd5 $18) 23. Nxe6 Rxf1+
24. Kxf1 fxe6 25. Bf4 $18 {[%csl Rh6]}) 21. Rxf8+ $1 Kxf8 22. Qxh6+ Kg8 23. h3
Rxg3 $8 24. Nxg3 $40 {[%cal Gg3h5,Ya1f1]} Qd6 25. Qg6+ Kh8 26. Rf1 {[%cal
Gf1f7]} e5 27. Qh5+ 1-0